| 000 | 00622nam a22001937a 4500 | ||
|---|---|---|---|
| 082 |
_a628.72 _bENG _cL-40, P-56 |
||
| 100 |
_aE-in-C Branch GHQ _944338 |
||
| 245 | _aTechnical instruction vol IV water supply and sanitation/ | ||
| 250 | _aRevised 2001 | ||
| 260 |
_aRawalpindi: _bGHQ, Rawalpindi, _cc2001 |
||
| 300 |
_a64p, _bill;: _c19cm |
||
| 526 |
_a0 _b0 _c0 _d628_720000000000000_ENG |
||
| 526 |
_a0 _b0 _c0 _d628_720000000000000_ENG |
||
| 526 |
_a0 _b0 _c0 _d628_720000000000000_ENG |
||
| 526 |
_a0 _b0 _c0 _d628_720000000000000_ENG |
||
| 526 |
_a0 _b0 _c0 _d628_720000000000000_ENG |
||
| 650 |
_aMCE _9379 |
||
| 942 |
_2ddc _cBK |
||
| 999 |
_c548160 _d548160 |
||